| 000 | 00465nam a2200169Ia 4500 | ||
|---|---|---|---|
| 005 | 20250423101349.0 | ||
| 008 | 250422s9999 xx 000 0 und d | ||
| 020 | _a0393974294 | ||
| 050 | _aPN 86 .N67/ | ||
| 245 | 4 | _aThe Norton anthology of theory and criticism | |
| 260 | _aNew York | ||
| 260 | _bNorton | ||
| 260 | _c2001 | ||
| 300 | _a2624 p | ||
| 650 | _aCriticism Literature _ History and criticism Eleştiri Edebiyat _ Tarih ve eleştiri | ||
| 942 | _cBK | ||
| 999 |
_c36090 _d36090 |
||